<?xml version="1.0" encoding="UTF-8"?><?xml-stylesheet type="text/xsl" href="static/style.xsl"?><OAI-PMH xmlns="http://www.openarchives.org/OAI/2.0/" xmlns:xsi="http://www.w3.org/2001/XMLSchema-instance" xsi:schemaLocation="http://www.openarchives.org/OAI/2.0/ http://www.openarchives.org/OAI/2.0/OAI-PMH.xsd"><responseDate>2026-04-17T03:15:24Z</responseDate><request verb="GetRecord" identifier="oai:www.recercat.cat:10459.1/466416" metadataPrefix="marc">https://recercat.cat/oai/request</request><GetRecord><record><header><identifier>oai:recercat.cat:10459.1/466416</identifier><datestamp>2025-09-15T18:31:30Z</datestamp><setSpec>com_2072_3622</setSpec><setSpec>col_2072_479130</setSpec></header><metadata><record xmlns="http://www.loc.gov/MARC21/slim" xmlns:dcterms="http://purl.org/dc/terms/" xmlns:xsi="http://www.w3.org/2001/XMLSchema-instance" xmlns:doc="http://www.lyncode.com/xoai" xsi:schemaLocation="http://www.loc.gov/MARC21/slim http://www.loc.gov/standards/marcxml/schema/MARC21slim.xsd">
   <leader>00925njm 22002777a 4500</leader>
   <datafield ind2=" " ind1=" " tag="042">
      <subfield code="a">dc</subfield>
   </datafield>
   <datafield ind2=" " ind1=" " tag="720">
      <subfield code="a">Bretón, Víctor</subfield>
      <subfield code="e">author</subfield>
   </datafield>
   <datafield ind2=" " ind1=" " tag="260">
      <subfield code="c">2024</subfield>
   </datafield>
   <datafield ind2=" " ind1=" " tag="520">
      <subfield code="a">This paper explores selective aspects of the historical processes of organization of the kichwa peasantry in the Andes of Ecuador. Based on the analysis of two representative cases of confrontation between peasants and landowners over access to land in the province of Chimborazo, it discusses the relevance of the concept of 'gamonalismo' as both a category with which to interpret the system of peasant subjugation until the 1960s, and as significant social system conceived by Mariátegui in 1927. The paper identifies perceptions of social space that suggest the symbolic presence of the gamonal order among the generations who inherited the processes of struggle. It has an exploratory nature as it probes the interconnections between topics such as the ecological characteristics of the territory, the historical construction of a long-standing system of domination and, after its dissolution, the persistence of its symbolic universe in Andean communities.</subfield>
   </datafield>
   <datafield ind2=" " ind1=" " tag="520">
      <subfield code="a">Este texto explora algunos aspectos relacionados con las dinámicas organizativas del campesinado kichwa en los Andes de Ecuador. A partir del análisis de dos casos de enfrentamiento con los terratenientes por el acceso a la tierra en la provincia de Chimborazo, discute la pertinencia del concepto “gamonalismo” como categoría interpretativa del sistema a que estaban subyugados hasta la década de 1960, ampliando su alcance más allá del espacio para el que fue concebido por Mariátegui (1927). Trata de identificar, como objetivo final, algunos elementos de percepción del espacio social que sugieren la presencia simbólica del orden gamonal entre las generaciones herederas de esos procesos. El artículo tiene un carácter exploratorio, tratando de sondear las interconexiones entre temas como las características ecológicas del territorio, la construcción histórica de un longevo sistema de dominación y, tras su disolución, la persistencia de su universo simbólico en la vida cotidiana de las comunidades andinas.</subfield>
   </datafield>
   <datafield tag="653" ind2=" " ind1=" ">
      <subfield code="a">Andes</subfield>
   </datafield>
   <datafield tag="653" ind2=" " ind1=" ">
      <subfield code="a">Reforma agraria</subfield>
   </datafield>
   <datafield tag="653" ind2=" " ind1=" ">
      <subfield code="a">Ecuador</subfield>
   </datafield>
   <datafield tag="653" ind2=" " ind1=" ">
      <subfield code="a">Movimiento indígena</subfield>
   </datafield>
   <datafield tag="653" ind2=" " ind1=" ">
      <subfield code="a">Campesinado</subfield>
   </datafield>
   <datafield tag="653" ind2=" " ind1=" ">
      <subfield code="a">Agrarian reform</subfield>
   </datafield>
   <datafield tag="653" ind2=" " ind1=" ">
      <subfield code="a">Latifundism</subfield>
   </datafield>
   <datafield tag="653" ind2=" " ind1=" ">
      <subfield code="a">Peasantry</subfield>
   </datafield>
   <datafield tag="653" ind2=" " ind1=" ">
      <subfield code="a">Latifundismo</subfield>
   </datafield>
   <datafield ind2="0" ind1="0" tag="245">
      <subfield code="a">La sombra alargada del patrón: Gamonalismo y hábitos hacendatarios en Chimborazo tras la reforma agraria</subfield>
   </datafield>
</record></metadata></record></GetRecord></OAI-PMH>